Կանաչ ծավալ : (Record no. 184323)
[ view plain ]
| 000 -LEADER | |
|---|---|
| fixed length control field | 01107nam a2200229 u 4500 |
| 001 - CONTROL NUMBER | |
| control field | 000498613 |
| 003 - CONTROL NUMBER IDENTIFIER | |
| control field | AM-YeHGA |
| 005 - DATE AND TIME OF LATEST TRANSACTION | |
| control field | 20250707142852.0 |
| 008 - FIXED-LENGTH DATA ELEMENTS--GENERAL INFORMATION | |
| fixed length control field | 060901s2000 ai a r 000 0 arm d |
| 040 ## - CATALOGING SOURCE | |
| Original cataloging agency | AM-YeHGA |
| 041 1# - LANGUAGE CODE | |
| Language code of text/sound track or separate title | arm |
| Language code of original | per |
| 100 1# - MAIN ENTRY--PERSONAL NAME | |
| Personal name | Սեփեհրի, Սոհրաբ |
| 245 10 - TITLE STATEMENT | |
| Title | Կանաչ ծավալ : |
| Remainder of title | Բանաստեղծություններ և պոեմներ / |
| Statement of responsibility, etc. | Ս. Սեփեհրի ; Պարսկ. թարգմ. և վերջաբ. հեղ.՝ Էդ. Հախվերդյան ; Խմբ.՝ Հովհ. Գրիգորյան; Նկ.՝ Վ. Տեր-Սարգսյան (Վաչագ). |
| 260 ## - PUBLICATION, DISTRIBUTION, ETC. | |
| Place of publication, distribution, etc. | Երևան : |
| Name of publisher, distributor, etc. | Վան Արյան, |
| Date of publication, distribution, etc. | 2000. |
| 300 ## - PHYSICAL DESCRIPTION | |
| Extent | 185 էջ : |
| Other physical details | դիմանկ. ; |
| Dimensions | 20 սմ. |
| 500 ## - GENERAL NOTE | |
| General note | Տողատակի ծանոթագր. |
| 650 14 - SUBJECT ADDED ENTRY--TOPICAL TERM | |
| Topical term or geographic name entry element | Պարսկական գրականություն |
| General subdivision | Պոեզիա |
| 700 1# - ADDED ENTRY--PERSONAL NAME | |
| Personal name | Հախվերդյան, Էդուարդ, |
| Dates associated with a name | 1952- |
| Relator term | թարգմ. |
| Relationship | trl |
| Relator term | վերջաբ. |
| Relationship | aft |
| 9 (RLIN) | 4084 |
| 700 1# - ADDED ENTRY--PERSONAL NAME | |
| Personal name | Գրիգորյան, Հովհաննես Երվանդի, |
| Dates associated with a name | 1945-2013 |
| Relator term | խմբ. |
| Relationship | edt |
| 9 (RLIN) | 1645 |
| 700 1# - ADDED ENTRY--PERSONAL NAME | |
| Personal name | Տեր-Սարգսյան, Վ. (Վաչագ) |
| Relator term | նկ. |
| Relationship | art |
| 942 ## - ADDED ENTRY ELEMENTS (KOHA) | |
| Source of classification or shelving scheme | Universal Decimal Classification |
| Koha item type | Գրքեր / Books |
| Withdrawn status | Lost status | Damaged status | Not for loan | Collection | Home library | Current library | Date acquired | Total checkouts | Full call number | Barcode | Date last seen | Price effective from | Koha item type | Public note | Source of classification or shelving scheme |
|---|---|---|---|---|---|---|---|---|---|---|---|---|---|---|---|
| General | Fundamental Scientific Library | Fundamental Scientific Library | 28/12/2016 | AII/86021 | FL0067185 | 28/12/2016 | 28/12/2016 | Գրքեր / Books | 30 Days Loan | ||||||
| General | Fundamental Scientific Library | Fundamental Scientific Library | 28/12/2016 | AII/86022 | FL0067186 | 28/12/2016 | 28/12/2016 | Գրքեր / Books | 30 Days Loan | ||||||
| General | Fundamental Scientific Library | Fundamental Scientific Library | 07/07/2025 | AII/113344 | FL0692403 | 07/07/2025 | 07/07/2025 | Գրքեր / Books | Սպասարկվում է 30 օրով | Universal Decimal Classification |
ՀՀ Գիտությունների ազգային ակադեմիայի հիմնարար գիտական գրադարան = Fundamental Scientific Library of NAS RA
All site content, except where otherwise noted, is licensed under a